000 00692nam a2200253Ia 4500
003 OSt
005 20220925203542.0
006 a|||||r|||| 00| 0
007 ta
008 220923b |||||||| |||| 00| 0 eng d
020 _a0 905046 14 5
037 _cGeneral Book
040 _aRTL
_cRTL
_beng
041 _2eng
_aeng
082 _aY2, M6
100 _aRathbone Eleanor
_9266438
245 0 _aDisinherited family
260 _aEngland
_bFalling Wall Press
_c1986
300 _a400p
_ccm.
500 _a Published previously as Family Allowances. Ed.3
650 _aFamily Sociology
942 _hY2, M6
_cGB
_2CC
999 _c546913
_d546913